| 000 | 00822cam a22002655a 4500 | ||
|---|---|---|---|
| 001 | 16336051 | ||
| 005 | 20201128024225.0 | ||
| 008 | 100716t2011 ctua frb 001 0 eng d | ||
| 020 | _a9781439061992 | ||
| 020 | _a1439061998 | ||
| 040 |
_aUKM _cUKM _dYDXCP _dBTCTA _dDLC _dEG-ScBUE _beng |
||
| 082 | 0 | 4 |
_a621 _222 _bSHE |
| 100 | 1 |
_aShetty, Devdas. _918864 |
|
| 245 | 1 | 0 |
_aMechatronics system design / _cDevdas Shetty and Richard A. Kolk. |
| 250 | _a2nd ed., SI ed. | ||
| 260 |
_aStamford : _bCengage Learning, _cc.2011. |
||
| 300 |
_axiv, 504 p. : _bill. ; _c23 cm. |
||
| 504 | _aIncludes bibliographical references and index. | ||
| 650 | 7 |
_aMechatronics. _2BUEsh _92630 |
|
| 650 | 7 |
_aSystem design. _2BUEsh _9733 |
|
| 651 | _2BUEsh | ||
| 653 |
_bGGEN _bENGGEN _cJanuary2018 |
||
| 700 | 1 | _aKolk, Richard A. | |
| 942 | _2ddc | ||
| 999 |
_c25993 _d25965 |
||